| 000 | 00795nam a2200277Ia 4500 | ||
|---|---|---|---|
| 001 | 3973 | ||
| 005 | 20240113233704.0 | ||
| 007 | ta | ||
| 008 | 080101s 199 ii g b000 u 465 u | ||
| 020 |
_a81-224-0990-3 _cRs. 450.00 |
||
| 040 | _aCotton College,Assam | ||
| 041 | _aeng | ||
| 082 |
_a510 _bAg 11 Re |
||
| 100 | _aAgarwal, R.P. . | ||
| 245 | 0 |
_aResonance of Ramanujan`s Mathematics Vol. I / _cR.P. Agarwal. _hTextual Documents |
|
| 250 | _a1st ed. / | ||
| 260 |
_aNew Delhi : _bNew Age International ( P ) Limited , _cC 1996. |
||
| 300 |
_aiv, 259p. ; _c24cm. |
||
| 365 | _aRs. 450.00 | ||
| 653 | _aMathematics | ||
| 653 | _aResonance-Ramanujan`s Mathematics | ||
| 653 | _aPG-Mathematics | ||
| 942 |
_2ddc _cBK |
||
| 999 |
_c3961 _d3961 |
||